| 000 | 00414nam a2200157Ia 4500 | ||
|---|---|---|---|
| 008 | 230312s9999||||xx |||||||||||||| ||und|| | ||
| 020 | _a0-7167-8292-8 | ||
| 082 |
_a005.73 _bHOR-F |
||
| 100 | _aHorowitz Ellis | ||
| 245 | 0 | _aFundamentals of Data Structure in C + + | |
| 260 |
_bComputer Science Press _aNew York _c1995 |
||
| 300 | _a653 | ||
| 546 | _aEng. | ||
| 650 |
_aComputer _vBasic Concepts , Arrays |
||
| 942 | _cBK | ||
| 999 |
_c99 _d99 |
||